| 000 | 00000nas 2200000za 4500 |
| 001 | 9.504363 |
| 003 | CaOODSP |
| 005 | 20231114102028 |
| 007 | cr ||||||||||| |
| 008 | 150406d20002002xxc|| p o||||f| |0eng|d |
| 022 | |a1206-159X |
| 040 | |aCaOODSP|beng |
| 043 | |an-cn--- |
| 086 | 1 |aC12-20E-PDF |
| 245 | 00|aSchoolnet magazine : |bmaking a difference with ICT. |
| 264 | 1|aToronto, Ontario : |bIndustry Canada |
| 310 | |aThree times a year |
| 362 | 1 |aBegan with winter 2000; ceased with spring 2002. |
| 500 | |aContinues "Schoolnet offline : Schoolnet's magazine for the educational community" (ISSN: 1203-4169). |
| 690 | 07|aInformation technology|2gcpds |
| 690 | 07|aTelecommunications|2gcpds |
| 710 | 1 |aCanada. |bIndustry Canada, |eissuing body. |
| 775 | 08|tRescol : |w(CaOODSP)9.500798 |
| 776 | 0#|tSchoolNet magazine / |w(CaOODSP)9.514179 |
| 785 | 00|tSchoolNet off-line : |w(CaOODSP)9.504362 |